Ceramic Fibers and Fibrous Composite Materials /

Saved in:
Bibliographic Details
Main Authors: Rauch, H.W (Author), Sutton, W.H (Author), McCreight, L.R (Author)
Format: Book
Language:English
Published: New York : Academic Press, 1968
Tags: Add Tag
No Tags, Be the first to tag this record!

MARC

LEADER 00000nam a22000003a 4500
001 stu41280
005 20150617225723.2
008 931118s1968----xxu-----------------eng-d
040 |a STU  |b slo 
041 0 |a eng 
044 |a xxu 
100 1 |a Rauch, H.W  |4 aut 
245 1 |a Ceramic Fibers and Fibrous Composite Materials /  |c [aut.]H.W. Rauch, W.H. Sutton, L.R. McCreight 
260 |a New York :  |b Academic Press,  |c 1968 
300 |a 436 s 
700 1 |a Sutton, W.H  |4 aut 
700 1 |a McCreight, L.R  |4 aut 
996 |b 284M014093  |c M*6659-1  |l MMKN  |s A  |a 24  |w stu41280_0001